000 00275nam a2200097Ia 4500
001 1197162
005 20250827021821.0
008 250824s9999 xx 000 0 und d
245 0 _aSHERLOCK HOLMES GERÇEKLER KANIT İSTER
_cSİR ARTHUR CONAN DOYLE
260 _bMARTI YAYINCILIK
999 _c1197162
_d1197162